Statistics for Fastest Growing Cities in the World

Click here to take the quiz!

General Stats

  • This quiz has been taken 19 times
  • The average score is 8 of 60

Answer Stats

% GrowthCountryCity% Correct
5.01NigeriaAbuja
88%
4.90TanzaniaDar es Salaam
69%
4.72Burkina FasoOuagadougou
63%
4.56NigeriaPort Harcourt
63%
4.81SyriaAleppo
50%
4.55MadagascarAntananarivo
50%
5.75BurundiBujumbura
50%
4.84AngolaCabinda
44%
5.14DR CongoGoma
44%
6.37DR CongoKabinda
44%
5.14UgandaKampala
44%
5.67MyanmarNaypyidaw
44%
5.12TanzaniaMwanza
31%
4.92Burkina FasoBobo-Dioulasso
19%
4.98NigeriaUyo
19%
4.93AfghanistanMazar-i Sharif
13%
5.56MozambiqueTete
13%
4.87MadagascarToamasina
13%
5.02YemenAl-Mukalla
6%
4.79DR CongoBukavu
6%
4.52YemenDhamar
6%
5.34YemenIbb
6%
4.70AngolaLubango
6%
5.17AngolaMalanje
6%
4.95IndiaMalappuram
6%
4.60TanzaniaMbeya
6%
5.14MozambiqueQuelimane
6%
4.76USAThe Woodlands
6%
5.10DR CongoTshikapa
6%
5.92AngolaUige
6%
4.58NigeriaWarri
6%
5.11NigerZinder
6%
4.69NigeriaAbakaliki
0%
5.27BeninAbomey-Calavi
0%
4.52MadagascarAntsirabe
0%
4.91ChinaBazhong
0%
4.53IndiaBegusarai
0%
4.72BangladeshBogra
0%
5.63DR CongoBunia
0%
5.48AngolaCuito
0%
6.46NigeriaGwagwalada
0%
5.38IndiaHosur
0%
4.88NigeriaIkorodu
0%
4.81IndiaKottayam
0%
4.67ChinaLiuyang
0%
5.93NigeriaLokoja
0%
4.51CameroonLoum
0%
5.16CameroonMbouda
0%
5.18NigeriaNnewi
0%
4.51NigeriaOkpogho
0%
5.65NigeriaPotiskum
0%
6.36BangladeshRupganj
0%
4.52NigeriaSaki
0%
4.68MaliSikasso
0%
5.74TanzaniaSongea
0%
4.63VietnamThu Dau Mot
0%
4.94NigeriaUmuahia
0%
5.10DR CongoUvira
0%
5.69ChinaXiongan
0%
4.67ChinaYichun, Jiangxi
0%

Score Distribution

Percentile by Number Answered

Percent of People with Each Score

Your Score History

You have not taken this quiz